Administración de operaciones,. Producción y cadena de suministros.

Guardat en:
Dades bibliogràfiques
Autor principal: Jacobs, F. Robert (Autor)
Altres autors: Chase, Richard B (autor)
Format: Desconegut
Idioma:anglès
Publicat: Ciudad de México, México: McGraw Hill, 2022.
Edició:Decimosexta edición.
Matèries:
Etiquetes: Afegir etiqueta
Sense etiquetes, Sigues el primer a etiquetar aquest registre!

MARC

LEADER 00000 a2200000 4500
003 CL-VaPUC
005 20240429090051.0
008 230418t2022 ||||| |||| 00| 0 eng d
999 |c 439962  |d 439960 
020 |a 9781456291174 
040 |c Pontificia Universidad Católica de Valparaíso 
082 |2 22  |a 658.54 JAC 2022 
100 |a Jacobs, F. Robert  |e author  |9 603480 
245 |a Administración de operaciones,.  |b Producción y cadena de suministros. 
250 |a Decimosexta edición.  
260 |a Ciudad de México, México:   |b McGraw Hill,   |c 2022. 
300 |a 726 páginas.  
583 |k GC  |c 20230418 
650 0 |a Gestión de la producción   |9 259467 
650 0 |a Nuevos productos  |9 521318 
650 0 |a Líneas de montaje  |9 888661 
650 0 |a Estadística industrial  |9 886556 
650 0 |a Gestión de compras  |9 882190 
700 |a Chase, Richard B  |9 333896  |e autor 
942 |2 ddc  |c BK 
952 |0 0  |1 0  |2 ddc  |4 0  |6 658_540000000000000_JAC_2022  |7 0  |8 R  |9 589701  |a BIBENE  |b BIBENE  |c RES  |d 2023-04-18  |e 3  |g 29086.90  |i 5657199  |l 17  |o 658.54 JAC 2022  |p 5657199  |r 2025-01-15  |s 2024-09-10  |t 2  |v 29086.90  |w 2023-04-18  |y BK_R  |k ICO 
952 |0 0  |1 0  |2 ddc  |4 0  |6 658_540000000000000_JAC_2022  |7 0  |8 R  |9 589702  |a BIBENE  |b BIBENE  |c RES  |d 2023-04-18  |e 3  |g 29086.90  |i 5657198  |l 22  |o 658.54 JAC 2022  |p 5657198  |r 2025-04-28  |s 2025-04-25  |t 1  |v 29086.90  |w 2023-04-18  |y BK_R  |k ICO 
952 |0 0  |1 0  |2 ddc  |4 0  |6 658_540000000000000_JAC_2022  |7 0  |8 R  |9 589703  |a BIBENE  |b BIBENE  |c RES  |d 2023-04-18  |e 3  |g 29086.90  |i 5657200  |l 21  |m 1  |o 658.54 JAC 2022  |p 5657200  |r 2025-04-23  |s 2025-04-23  |t 3  |v 29086.90  |w 2023-04-18  |y BK_R  |k ICO